00441nam a2200169Ia 4500003000400000008004100004040001600045082001500061100001800076245004600094260005900140300001100199490000500210650001900215650001300234650002400247GCL140319s9999 xx 000 0 ara d aGCL / cGCL04a701bع ف1 aعلى شلش10aالفن والجمال / cعلى شلش a[S.N] : bالمؤسسة الحديثة للكتاب a143 ص a04aالفلسفة04aالفن04aالجمال - فن